[Event "Canet de Mar Tancat del Maresme 5th"]
[Site "Canet de Mar"]
[Date "2012.06.09"]
[Round "9.5"]
[White "Ruiz Molina, Gabriel"]
[Black "Fernandez Martinez, Oriol"]
[Result "1/2-1/2"]
[WhiteElo "2129"]
[BlackElo "2109"]
[PlyCount "99"]
[EventDate "2012.04.14"]
[EventType "swiss"]
[EventRounds "9"]
[EventCountry "ESP"]
[SourceTitle "EXT 2024"]
[Source "ChessBase"]
[SourceDate "2023.10.10"]
[SourceVersion "1"]
[SourceVersionDate "2023.10.10"]
[SourceQuality "1"]

1. d4 d5 2. c4 c6 3. Nc3 Nf6 4. Bg5 e6 5. Nf3 Be7 6. e3 Nbd7 7. Bd3 dxc4 8. Bxc4 b5 9. Bd3 b4 10. Na4 Bb7 11. Rc1 Rc8 12. 0-0 0-0 13. Bxf6 Bxf6 14. Nc5 Nxc5 15. Rxc5 Be7 16. Rh5 g6 17. Rh3 c5 18. dxc5 Rxc5 19. Qe2 Qa5 20. e4 Bf6 21. Nd2 Qxa2 22. Qe3 Rfc8 23. Qh6 Qxb2 24. Qxh7+ Kf8 25. Qh6+ Bg7 26. Qf4 Qe5 27. Qe3 a5 28. Nf3 Qb2 29. Ng5 Rc1 30. Qf4 Rxf1+ 31. Bxf1 Bf6 32. Nxf7 Rc1 33. Qb8+ Bc8 34. Nd6 Qa1 35. Qb5 Rxf1+ 36. Qxf1 Qxf1+ 37. Kxf1 Ba6+ 38. Ke1 Be5 39. Rf3+ Ke7 40. Nf7 Bd4 41. Ng5 a4 42. Rf7+ Kd6 43. f4 b3 44. Nf3 b2 45. e5+ Kd5 46. Rd7+ Kc6 47. Rd6+ Kc7 48. Nd2 Bc3 49. Kd1 Bxd2 50. Kc2 1/2-1/2

[Event "Canet de Mar Tancat del Maresme 5th"]
[Site "Canet de Mar"]
[Date "2012.06.02"]
[Round "8.2"]
[White "Fernandez Martinez, Oriol"]
[Black "Ayllon Rodriguez, Joan Pedro"]
[Result "0-1"]
[WhiteElo "2109"]
[BlackElo "2197"]
[PlyCount "70"]
[EventDate "2012.04.14"]
[EventType "swiss"]
[EventRounds "9"]
[EventCountry "ESP"]
[SourceTitle "EXT 2024"]
[Source "ChessBase"]
[SourceDate "2023.10.10"]
[SourceVersion "1"]
[SourceVersionDate "2023.10.10"]
[SourceQuality "1"]

1. c4 Nf6 2. d4 e5 3. dxe5 Ng4 4. Bf4 Nc6 5. Nf3 Bb4+ 6. Nbd2 Qe7 7. e3 Ngxe5 8. Nxe5 Nxe5 9. a3 Bxd2+ 10. Qxd2 d6 11. Be2 0-0 12. 0-0 b6 13. Bg3 Ba6 14. Rac1 Rfe8 15. f4 Nd7 16. Bf3 Rab8 17. Bc6 Nc5 18. Rc3 Ne4 19. Bxe4 Qxe4 20. b3 d5 21. Qd4 dxc4 22. bxc4 Qc6 23. Rd1 Bb7 24. Rd2 Re4 25. Qd7 Qc5 26. Qd8+ Re8 27. Qd4 Qf8 28. Bh4 f6 29. c5 Rbd8 30. Qc4+ Kh8 31. Be1 Rxd2 32. Bxd2 Qe7 33. c6 Bc8 34. Qb4 Qe6 35. Qc4 Qg4 0-1

[Event "Canet de Mar Tancat del Maresme 5th"]
[Site "Canet de Mar"]
[Date "2012.04.21"]
[Round "2.5"]
[White "Fernandez Martinez, Oriol"]
[Black "Mas Recorda, Pere"]
[Result "1/2-1/2"]
[WhiteElo "2109"]
[BlackElo "2194"]
[PlyCount "55"]
[EventDate "2012.04.14"]
[EventType "swiss"]
[EventRounds "9"]
[EventCountry "ESP"]
[SourceTitle "EXT 2024"]
[Source "ChessBase"]
[SourceDate "2023.10.10"]
[SourceVersion "1"]
[SourceVersionDate "2023.10.10"]
[SourceQuality "1"]

1. e4 e6 2. d4 d5 3. e5 c5 4. c3 Nc6 5. f4 Qb6 6. Nf3 Bd7 7. Be2 Nh6 8. 0-0 cxd4 9. Kh1 dxc3 10. bxc3 Be7 11. Na3 0-0 12. Rb1 Qa5 13. Rxb7 Bxa3 14. Rxd7 Rab8 15. Qc2 Bxc1 16. Rxc1 Rfd8 17. Rxd8+ Qxd8 18. Qa4 Qb6 19. Rf1 Nf5 20. Bd3 g6 21. Rb1 Qc7 22. Rxb8+ Nxb8 23. c4 dxc4 24. Qxc4 Qd7 25. Bxf5 gxf5 26. h3 Nc6 27. Qe2 h6 28. Qc2 1/2-1/2